Lo que esconde la sonrisa de la pelirroja : (Registro nro. 7190)

Detalles MARC
000 -LEADER
fixed length control field 01702nam a22002537a 4500
003 - CONTROL NUMBER IDENTIFIER
control field OSt
005 - DATE AND TIME OF LATEST TRANSACTION
control field 20210215171412.0
008 - FIXED-LENGTH DATA ELEMENTS--GENERAL INFORMATION
fixed length control field 210215t2016 ck ao||gq|||| 00| 0dspa d
020 ## - INTERNATIONAL STANDARD BOOK NUMBER
International Standard Book Number 9789584688613
040 ## - CATALOGING SOURCE
Original cataloging agency CO-JMCR
Transcribing agency CO-JMCR
041 0# - LANGUAGE CODE
Language code of text/sound track or separate title spa
082 04 - DEWEY DECIMAL CLASSIFICATION NUMBER
Classification number 305.908 /
Item number L563q
Edition number 23
100 1# - MAIN ENTRY--PERSONAL NAME
Personal name León Guerra, Olga Lorena,
Relator term autor
9 (RLIN) 13476
245 13 - TITLE STATEMENT
Title Lo que esconde la sonrisa de la pelirroja :
Remainder of title en los zapatos del paciente /
Statement of responsibility, etc. Olga Lorena León Guerra -Lola-
260 ## - PUBLICATION, DISTRIBUTION, ETC.
Place of publication, distribution, etc. Bogotá :
Name of publisher, distributor, etc. Olga Lorena León Guerra,
Date of publication, distribution, etc. ©2016
300 ## - PHYSICAL DESCRIPTION
Extent 107 páginas :
Other physical details ilustraciones y fotografías a color ;
Dimensions 24 cm.
500 ## - GENERAL NOTE
General note Incluye datos y fotografía de la autora y notas a pie de página.
504 ## - BIBLIOGRAPHY, ETC. NOTE
Bibliography, etc. note Bibliografía: página 103-104
505 0# - FORMATTED CONTENTS NOTE
Formatted contents note Renacer -- ¿Quién soy?, ¿de dónde vengo? y ¿para dónde voy? -- El coma -- La recuperación al lado de los ángeles -- Los aciertos y los desaciertos
520 3# - SUMMARY, ETC.
Summary, etc. Lo que esconde la sonrisa de la Pelirroja es la historia controvertida de una fisioterapeuta, que tenía una vida exitosa (laboral, familiar y social) y se ve afectada por una lesión neurológica. Narra desde los zapatos del paciente todo lo que sucede en el ámbito que la rodea, los cambios que implica sobrellevar una hemiplejia, los retos de sobreponerse saltando los obstáculos físicos y emocionales del cambio de vida, para lograr enfrentar las batallas que implica alcanzar sus metas al lado de quienes quisieron acompañarla en esta aventura.<br/>No vivas a medias, trázate un objetivo y sin importar lo que te digan, ve por él.
600 14 - SUBJECT ADDED ENTRY--PERSONAL NAME
Personal name León Guerra, Olga Lorena,
Form subdivision relatos personales
9 (RLIN) 13477
650 14 - SUBJECT ADDED ENTRY--TOPICAL TERM
Topical term or geographic name entry element Actitud hacia la enfermedad
9 (RLIN) 13478
942 ## - ADDED ENTRY ELEMENTS (KOHA)
Source of classification or shelving scheme Dewey Decimal Classification
Koha item type Books
Existencias
Withdrawn status Lost status Source of classification or shelving scheme Damaged status Not for loan Collection code Home library Current library Date acquired Source of acquisition Total Checkouts Full call number Barcode Date last seen Copy number Price effective from Koha item type
    Dewey Decimal Classification     Non-fiction Biblioteca Pública José María del Castillo y Rada Biblioteca Pública José María del Castillo y Rada 04/15/2018 Donación   305.908 / L563q 201810283 05/16/2024 Ej.1 02/15/2021 Books